000 00786nam a2200217 a 4500
001 57054
003 BD-RjUL
005 20211209080449.0
008 161205s1970 ii ||||| |||| 00| 0 ben d
035 _a(BD-RjUL)57178
040 _aBD-RjUL
_bben
_cBD-RjUL
_dBD-RjUL
041 _aben
082 _223
_a294.5512
_bMUG 1970
100 _aমুখোপাধ্যায়, হরেকৃষ্ণ
_9169505
245 1 0 _aগৌড়ীয় বৈষ্ণব সাধনা /
_cহরেকৃষ্ণ মুখোপাধ্যায়
260 _aকলিকাতা :
_bজিজ্ঞাসা,
_c১৯৭০.
300 _a[ত], ২৪৭ পৃ. ;
_c২৩ সেমি.
650 _aবৈষ্ণব
_9169506
650 _aVishnuism
_9135682
942 _2ddc
_cBK
999 _c57054
_d57054